| 000 | 00897nam a22002651 4500 | ||
|---|---|---|---|
| 001 | 20266 | ||
| 003 | CZ PrNK | ||
| 005 | 20260120125102.0 | ||
| 008 | 030311s1973 xo slo | ||
| 040 |
_aABA001 _bcze _cABA001 _dABA001 |
||
| 041 | 1 |
_aslo _hcze |
|
| 100 | 1 |
_aPeiker, Josef, _d1910-1985 _4aut |
|
| 245 | 1 | 0 |
_aOvocinárstvo / _cAutori: Josef Peiker, František Kyncl ; Z čes. orig. Ovocnictví prel. R. Žilinský a O. Sedláková ; Il. Jiří Malý |
| 250 | _a2. dopln. a preprac. vyd. | ||
| 260 |
_aBratislava : _bPríroda, _c1973 |
||
| 300 |
_a528 s. ; _c8° |
||
| 490 | 1 | _aRastlinná výroba. Organizátor poľnohospodárskej veľkovýroby | |
| 500 | _aFot. | ||
| 500 | _aTb. | ||
| 500 | _aObr. | ||
| 700 | 1 |
_aKyncl, František, _d1918-1997 _4aut |
|
| 830 | 0 |
_aRastlinná výroba. _pOrganizátor poľnohospodárskej veľkovýroby |
|
| 910 | _aABA001 | ||
| 942 |
_2ddc _cOLDO _n0 |
||
| 999 |
_c20266 _d20266 |
||